Capuchina perfecta panegírico, que en las magníficas funciones, con que el Convento de Religiosas Capuchinas de la ciudad del...

Detalles Bibliográficos
Autor principal: CABRA, Mariano de (Fray)
Formato: Libro
Publicado: Cádiz 1805
Materias:
Colección:Banco de datos
Acervo:Biblioteca del Ex Convento de Nuestra Señora de Guadalupe. Zacatecas
Tema general:Homilética
Notas:Buena. XI,8,8(3729). Encuadernado en un solo volumen con 10 sermones en honor a diferentes santos. Sin marca de fuego
LEADER 00870nam a22001930004500
035 |a 42779 
036 |a 3963 
100 1 |a CABRA, Mariano de (Fray) 
245 1 0 |a Capuchina perfecta panegírico, que en las magníficas funciones, con que el Convento de Religiosas Capuchinas de la ciudad del... 
260 |a Cádiz  |b Imp. de Mariana por Manuel Bosch y compañía  |c 1805 
500 |a Buena. XI,8,8(3729). Encuadernado en un solo volumen con 10 sermones en honor a diferentes santos. Sin marca de fuego 
650 1 0 |a Homilética 
949 |a CRZ-CG 
959 |a Ex convento de Nuestra Señora de Guadalupe, Museo Regional de Zacatecas, Zacatecas  |b CCC4 
960 |a Convento de Nuestra Señora de Guadalupe, Zacatecas  |b DD87 
961 |a Franciscana  |b OF 
942 |c CRZ-CG 
943 |g Biblioteca del Ex Convento de Nuestra Señora de Guadalupe. Zacatecas 
999 |c 966906  |d 966906